LIBRARY & INFORMATION CENTRE, KCAET, TAVANUR

ONLINE PUBLIC ACCESS CATALOGUE (OPAC)

Normal view MARC view
  • Singh , jitendra .

Entry Personal Name

Number of records used in: 1

001 - CONTROL NUMBER

  • control field: 3133

003 - CONTROL NUMBER IDENTIFIER

  • control field: OSt

005 - DATE AND TIME OF LATEST TRANSACTION

  • control field: 20180604120601.0

008 - FIXED-LENGTH DATA ELEMENTS

  • fixed length control field: 180604|| aca||aabn | a|a d

040 ## - CATALOGING SOURCE

  • Original cataloging agency: OSt
  • Transcribing agency: OSt

100 ## - HEADING--PERSONAL NAME

  • Personal name: Singh , jitendra .

670 ## - SOURCE DATA FOUND

  • Source citation: Work cat.: (OSt): Singh , jitendra ., Precision farming in horticulture /, 2013 .
free website counter